Gauguin : diario de un genio = Paradise Found /

Збережено в:
Бібліографічні деталі
Автор: Andreacchio, Mario (realización)
Інші автори: Goldsmith, John (guión) (guión), Simpson, Geoffrey (fotógrafo) (fotógrafo), McQueen-Mason, Edward (montaje) (montaje), Strangio, Frank (música) (música), Sutherland, Kiefer (actuación) (actuación), Kinski, Nastassja (actuación) (actuación), Armstrong, Alun (actuación) (actuación)
Формат: Слайд
Мова:Англійська
Опубліковано: Adelaida, Australia : Adelaide Motion Picture Company, 2003, c2003
Предмети:
Теги: Додати тег
Немає тегів, Будьте першим, хто поставить тег для цього запису!

MARC

LEADER 00000ngm^a2200000^a^4500
001 000183592
005 20251020000000.0
009 20260310102044.931
037 |a Acervo ITESO - Biblioteca 
041 |a ING 
082 |a AU 820.  |b AND 
100 |a Andreacchio, Mario  |e (realización) 
245 1 0 |a Gauguin :  |b diario de un genio = Paradise Found /  |c Realización de M. Andreacchio. 
264 4 |a Adelaida, Australia :  |b Adelaide Motion Picture Company,  |c 2003, c2003 
264 2 |a México :  |b Videomax [distribución],  |c 2004, c2004 
300 |a 1 DVD regiones 1 y 4  |c (89 min.) +  |e 1 lámina 
336 |a imagen móvil bidimensional  |b tdi  |2 rdacontenido 
337 |a video  |b v  |2 rdamedio 
338 |a videodisco  |b vd  |2 rdasoporte 
546 |a En inglés, con subtítulos opcionales: español, inglés 
546 |a Doblaje opcional: español 
649 |a XX 
650 |a Dramas Cinematográficos 
650 |a Cine Australiano -  |y 2000-2009 
650 |a Cine Australiano -  |y Siglo XXI 
650 |a Pintores Franceses -  |x Biografías 
650 |a Artistas Franceses -  |x Biografías 
650 |a Relaciones Familiares 
650 |a Familia 
650 |a Vocación 
650 |a Tahití en la Pintura -  |x Historia y Crítica 
650 |a Tahití en el Arte -  |x Historia y Crítica 
650 |a Postimpresionismo -  |z Francia -  |x Historia y Crítica 
650 |a Pintura Moderna -  |z Francia -  |x Historia y Crítica 
650 |a Pintura Francesa -  |x Historia y Crítica 
650 |a Arte Moderno -  |z Francia -  |x Historia y Crítica 
650 |a Arte Francés -  |x Historia y Crítica 
650 |a Gauguin, Paul -  |x Tema Principal 
700 |a Goldsmith, John  |e (guión) 
700 |a Simpson, Geoffrey  |e (fotógrafo) 
700 |a McQueen-Mason, Edward  |e (montaje) 
700 |a Strangio, Frank  |e (música) 
700 |a Sutherland, Kiefer  |e (actuación) 
700 |a Kinski, Nastassja  |e (actuación) 
700 |a Armstrong, Alun  |e (actuación) 
910 |a Fondo General 
920 |a Audiovisuales - DVDs 
940 |a Películas 
905 |a 302 
901 |a 0500088666  |b IT2  |c DVS  |u 20250521 
901 |a 0500240257  |b IT2  |c MIN  |u 20251020 
902 |a https://opac.biblio.iteso.mx/vufind/Record/000183592